Museo Arocena : (Record no. 10823)

MARC details
000 -CABECERA
campo de control de longitud fija 00876nam a22002297a 4500
001 - NÚMERO DE CONTROL
campo de control BRCA_9204
003 - IDENTIFICADOR DEL NÚMERO DE CONTROL
campo de control FranzMayer
005 - FECHA Y HORA DE LA ÚLTIMA TRANSACCIÓN
campo de control 20220809134843.0
008 - DATOS DE LONGITUD FIJA--INFORMACIÓN GENERAL
campo de control de longitud fija 220715b |||||||| |||| 00| 0 eng d
040 ## - FUENTE DE LA CATALOGACIÓN
Lengua de catalogación spa
Centro/agencia transcriptor MFM
041 ## - CÓDIGO DE LENGUA
Código de lengua del texto/banda sonora o título independiente spa
050 ## - SIGNATURA TOPOGRÁFICA DE LA BIBLIOTECA DEL CONGRESO
Número de clasificación AM24.2.T6
Número de documento/Ítem M97 2021
245 00 - MENCIÓN DE TÍTULO
Título Museo Arocena :
Resto del título XV años de arte e historia para todos
260 ## - PUBLICACIÓN, DISTRIBUCIÓN, ETC.
Lugar de publicación, distribución, etc. México :
Nombre del editor, distribuidor, etc. Fundación E. Arocena
Fecha de publicación, distribución, etc. 2021
300 ## - DESCRIPCIÓN FÍSICA
Extensión 220 p. :
Otras características físicas il., fot. col. ;
Dimensiones 23.5 x 30 cm.
500 ## - NOTA GENERAL
Nota general Ubicación: L59-N5
520 ## - SUMARIO, ETC.
Sumario, etc. Este volumen procura recopilar las vivencias, que se iniciaron desde 1998, año en el que la Fundación E. Arocena lanzó la iniciativa para desarrollar el plan de un museo.
650 ## - PUNTO DE ACCESO ADICIONAL DE MATERIA--TÉRMINO DE MATERIA
Término de materia o nombre geográfico como elemento de entrada Museos
Subdivisión general Descripción
-- Historia
Subdivisión geográfica Torreón (Coahuila, Mexico)
9 (RLIN) 28455
650 ## - PUNTO DE ACCESO ADICIONAL DE MATERIA--TÉRMINO DE MATERIA
Término de materia o nombre geográfico como elemento de entrada Arte
Subdivisión general Historia
Subdivisión geográfica Torreón (Coahuila, Mexico)
9 (RLIN) 28456
942 ## - ELEMENTOS DE PUNTO DE ACCESO ADICIONAL (KOHA)
Fuente del sistema de clasificación o colocación Library of Congress Classification
Tipo de ítem Koha Libros
Holdings
Estado de retiro Estado de pérdida Fuente del sistema de clasificación o colocación Estado dañado No para préstamo Localización permanente Ubicación/localización actual Fecha de adquisición Total de préstamos Signatura topográfica completa Código de barras Fecha visto por última vez Precio válido a partir de Tipo de ítem Koha
El ejemplar forma parte de la colección y puede ser consultado según las políticas vigentes.   Library of Congress Classification     Biblioteca del Museo Franz Mayer (Rogerio Casas-Alatriste) Biblioteca del Museo Franz Mayer (Rogerio Casas-Alatriste) 15/07/2022   AM24.2.T6 M97 2021 CONT9983 15/07/2022 15/07/2022 Libros